Sports Quiz

Random Sports Quiz

Pro Athletes Currently in Jail Quiz Stats

Quiz not verified by Sporcle

Challenge
Share
Tweet
Embed
Score 0/16 Timer 10:00
0 Plays Today
Last Team Played for Prior to Arrest Athlete % Correct
New York GiantsPlaxico Burress
85.6%
Carolina PanthersRae Carruth
55.6%
San Francisco 49ersO.J. Simpson
40.8%
San Francisco 49ers (multiple AFL, CFL teams)Lawrence Phillips
31.6%
Seattle SuperSonics'Fast' Eddie Johnson
30.8%
Denver BroncosTravis Henry
28.4%
Philadelphia PhilliesUgueth Urbina
24%
Track & FieldTim Montgomery
11.2%
Last Team Played for Prior to Arrest Athlete % Correct
St. Louis Blues*Mike Danton
10.4%
Cincinnati BengalsStanley Wilson
4.8%
Miami DolphinsCecil Collins
4.4%
San Francisco GiantsMel Hall
2.8%
Los Angeles RamsDarryl Henley
2%
St. Louis Cardinals (NFL)Robert Rozier
0.8%
Atlanta HawksTom Payne
0.8%
Professional BoxingTony Ayala, Jr.
0.4%

You're not logged in!

Compare scores with friends on all Sporcle quizzes.
Join for Free
OR
Log In

You Might Also Like...

Show Comments

Extras

Top Quizzes Today


Score Distribution

Your Account Isn't Verified!

In order to create a playlist on Sporcle, you need to verify the email address you used during registration. Go to your Sporcle Settings to finish the process.

Report this User

Report this user for behavior that violates our Community Guidelines.

Details: